Mandarin to English Countries #1 - Statistics

General Stats
  • This quiz has been taken 255 times
  • The average score is 11 of 15
Answer Stats
Mandarin English % Correct
中国 China
100%
美国 America
95%
英国 England
91%
日本 Japan
90%
法国 France
88%
加拿大 Canada
79%
德国 Germany
76%
意大利 Italy
74%
马来西亚 Malaysia
65%
澳大利亚 Australia
64%
印度 India
61%
俄国 Russia
61%
巴西 Brazil
54%
冰岛 Iceland
39%
南非 South Africa
38%
No matching quizzes found
Score Distribution
Percent of People with Each Score
Percentile by Number Answered
Your Score History
You have not taken this quiz